000 00647nam a2200229 i 4500
001 C2-0306474
003 PPAK
005 20180728092550.0
008 101125s1993 my a|||| ||||| | may d
040 _aPPAK
_beng
_cPPAK
_erda
082 0 4 _a321.8
_223
090 0 0 _a321.8
_bMAJ
_dKZZ
245 0 0 _aMajalah Aliran - demi perpaduan
264 1 _aPulau Pinang :
_bAliran Kesedaran Negara (Aliran) ,
_c1993
300 _a32 pages :
_billustrations ;
_c26 cm
336 _2rdacontent
_atext
337 _2rdamedia
_aunmediated
338 _2rdacarrier
_avolume
500 _aJil. 3 Bil. 1
650 1 0 _aDemocracy - Periodicals
942 _ddc
_cB
999 _c109379
_d109379